000 00618nam a2200181Ia 4500
008 100921s9999 xx 000 0 und d
082 _b32687
_a891.468 न 00
100 _aपटवर्धन रमेश.
245 _aघरवापसी.
260 _bसमाधी प्रकाशन, नासिक.
_c2000
300 _a140
_bशांती पब्लिकेशन,पुणे
365 _b130
520 _aललित-संकीर्ण.
630 _aघरवापसी.
650 _aललित-संकीर्ण.
730 _aघरवापसी.
942 _cBOOK
999 _c781800
_d781797